Il piacere negato

Gardado en:
Detalles Bibliográficos
Autor Principal: Morin Jack
Formato: Libro
Idioma:lingua descoñecida ou non válida
Publicado: Roma Editori Riuniti 1994
Tags: Engadir etiqueta
Sen Etiquetas, Sexa o primeiro en etiquetar este rexistro!

MARC

LEADER 00000nam a2200000Ia 4500
001 77
003 NUMERAZIONE-ORIGINALE-BRESCIA
005 20260206230747.0
008 260206s9999 xx 000 0 und d
100 |a Morin Jack 
245 0 |a Il piacere negato 
260 |a Roma 
260 |b Editori Riuniti 
260 |c 1994 
500 |a Fisiologia del rapporto anale 
500 |a I Libelli 
942 |2 ddc  |c BK  |n 0 
952 |0 0  |1 0  |2 ddc  |4 0  |6 24  |7 0  |9 28263  |a BS  |b BS  |d 2026-02-06  |i 77  |l 0  |o 2-4-*  |r 2026-02-06 22:40:31  |w 2026-02-06  |x [REVISIONARE]  |y BK 
999 |c 23959  |d 23959